Auschwitz y la filosofía /

La razón iluminista y Auschwitz. Con qué motivo escribieron Adorno y Horkheimer La dialéctica del Iluminismo. La teleología histórica. ¿Hay un camino necesario, teleológico, de la Ilustración a Auschwitz? El dictum de Adorno: ?No se puede escribir poesía después de Auschwitz?. La ?dialéctica negativ...

Descripción completa

Guardado en:
Autor Principal: Feinmann, José Pablo
Autor Corporativo: Canal Encuentro.
Formato: Deslizar
Publicado: Argentina, 2009
Series:Filosofia aquí y ahora - Temporada 2
Materias:
Acceso en línea:https://www.educ.ar/recursos/50234/auschwitz-y-la-filosofia
Etiquetas: Agregar Etiqueta
Sin Etiquetas, Sea el primero en etiquetar este registro!
LEADER 01564ngm a22003135g 4500
001 CEM.cems023360
008 130507s2009##################0###0#####d
005 20250328173411.0
245 1 0 |a Auschwitz y la filosofía /  |c José Pablo Feinmann. 
260 |a Argentina,  |c 2009 
300 |a 28'. 
490 0 |a Filosofia aquí y ahora - Temporada 2 
538 |a Soporte: DVD - Color: Si - Grabación DRD. 
520 |a La razón iluminista y Auschwitz. Con qué motivo escribieron Adorno y Horkheimer La dialéctica del Iluminismo. La teleología histórica. ¿Hay un camino necesario, teleológico, de la Ilustración a Auschwitz? El dictum de Adorno: ?No se puede escribir poesía después de Auschwitz?. La ?dialéctica negativa? de Adorno. Qué entendemos por ?dialéctica negativa?. Primo Levi: "Existe Auschwitz, no existe Dios". Samuel Becket: ?Ya no queda mucho que temer?. Walter Benjamin: Tesis sobre filosofía de la historia. Dialéctica y catástrofe. El mesianismo benjaminiano. 
500 |a Consultar en ventanilla. 
590 |a Identificación anterior registrada en SIABUC: D62B 
100 1 |a Feinmann, José Pablo 
710 2 |a Canal Encuentro. 
082 1 0 |/ FEI-2 
653 |a FILOSOFIA 
653 |a FILOSOFIA AQUI Y AHORA 
653 |a TELEOLOGIA 
653 |a ILUMINISMO 
653 |a MESIANISMO 
653 |a NAZISMO 
653 |a HOLOCAUSTO 
653 |a SERIE DE TELEVISIÓN 
856 |u https://www.educ.ar/recursos/50234/auschwitz-y-la-filosofia 
859 |a CEMS  |b BIB. CEMS - Depto. Recursos Didacticos  |h 100  |i FEI-2  |k DRD  |p 2003.15  |t Ej.1